Carregant...

Politics and letters: Interviews with new left review /

Dades bibliogràfiques
Autor principal: Williams, Raymond
Format: Printed Book
Idioma:English
Publicat: London : Verso, 1979.
LEADER 00482nam a2200133Ia 4500
008 150624b xxu||||| |||| 00| 0 eng d
082 |a 920 
100 |a Williams, Raymond 
245 |a Politics and letters:  |b Interviews with new left review /  |c Raymond Williams 
260 |a London :  |b Verso,  |c 1979. 
300 |a 444 p. 
942 |c BK 
999 |c 38949  |d 38949 
952 |0 0  |1 0  |4 0  |6 920_000000000000000_WIL_P  |7 0  |9 38948  |a UL  |b UL  |c ST1  |d 1998-09-07  |l 3  |o 920 WIL/P  |p 56694  |r 2017-07-31  |s 2017-06-21  |w 2012-10-27  |y BK